000 00507nam a2200205Ia 4500
003 OSt
005 20140319104942.0
008 140130s9999 xx 000 0 und d
020 _a043935076X
050 _aPZ 7
_b.C41985Ve 2002
100 _aCherrington, Janelle
245 _cJanelle Cherrington.
_ae very big potato /
260 _bScholastic,
_c2002.
_aNew York :
300 _a16 p. :
_bcol. ill. ;
_c17 cm.
440 _v1
521 _aBR
526 _cBR
942 _cBK
_2lcc
999 _c41567
_d41567